000 01389nam0a22002771 4500
001 rc\2812140
005 20260406171037.0
035 _a(NLR Aleph) 006937969
090 _a7616462
_c7616462
100 _a20110915d1944 u y0rusy50 ca
101 0 _arus
102 _aRU
105 _ay z |||||
200 1 _aФинансовое планирование и анализ работы шахты-новостройки Наркомугля
_e(Практ. пособие)
_fСост. нач. Фин. отдела Главшахтостроя Наркомугля СССР С. Р. Кронгауз под руководством и ред. гл. бухгалтера Наркомугля СССР А. Д. Сибарова
_gНар. ком. угол. пром. СССР, Центр. бухгалтерия
210 _a[Москва]
_cГостоптехиздат
_d1944
215 _a76 с.
_d22 см.
702 1 _aСибаров
_bА.Д.
_4340
702 1 _aКронгауэ
_bС.Р.
_gСамуил Рафалович
_4220
710 0 1 _aСССР
_bНародный комиссариат угольной промышленности
_3RU\NLR\AUTH\889938452
_9371749
801 0 _aRU
_bNLR
_gpsbo
801 1 _aRU
_bELAR
_2rusmarc
852 _aNLR
_jЭк40 Г-6/95
942 _cBOOK
945 _aРоссийская национальная библиотека
980 _aNB
980 _aBV